Statistics for Slow Typing Quiz

Click here to take the quiz!

General Stats

  • This quiz has been taken 65 times
  • The average score is 28 of 80

Answer Stats

HintAnswer% Correct
tt
98%
oo
96%
rr
94%
ee
90%
rr
90%
rr
90%
tt
90%
aa
85%
tt
77%
oo
75%
rr
71%
tt
67%
ee
65%
rr
63%
aa
60%
rr
60%
tt
60%
oo
58%
rr
58%
tt
58%
ee
56%
rr
54%
aa
50%
oo
50%
rr
50%
tt
50%
rr
48%
ee
44%
tt
44%
rr
42%
aa
40%
oo
40%
rr
40%
rr
40%
tt
40%
ee
35%
tt
35%
aa
33%
rr
33%
rr
33%
oo
31%
tt
31%
rr
25%
ee
23%
rr
23%
rr
23%
tt
23%
aa
21%
oo
15%
tt
15%
aa
13%
ee
13%
rr
13%
rr
13%
rr
13%
tt
13%
tt
13%
oo
10%
rr
10%
aa
8%
ee
8%
ee
8%
oo
8%
rr
8%
rr
8%
rr
8%
rr
8%
rr
8%
tt
8%
tt
8%
tt
8%
aa
6%
oo
6%
rr
6%
tt
6%
ee
4%
rr
4%
tt
4%
aa
0%
rr
0%

Score Distribution

Percentile by Number Answered

Percent of People with Each Score

Your Score History

You have not taken this quiz